| 000 | 00589nam a22001817a 4500 | ||
|---|---|---|---|
| 003 | CEME | ||
| 005 | 20210628205616.0 | ||
| 008 | 210308b xxu||||| |||| 00| 0 eng d | ||
| 020 | _a0-256-19744-X | ||
| 040 | _c. | ||
| 082 | _a005.133-C++ COH'C | ||
| 100 |
_aCohoon, James.P Davidson, Jack.W _976242 |
||
| 245 | _aC plus plus program design an introduction to programming and object oriented design | ||
| 260 |
_aCHICAGO _bIRWIN _c1997 |
||
| 300 | _aXXVI,754P | ||
| 650 |
_aC PLUS PLUS-COMPUTER PROGRAM LANGUAGE OBJECT ORIENTED PROGRAMMING-COMPUTER SCIENCE _976243 |
||
| 942 |
_cBK _2ddc |
||
| 999 |
_c581642 _d581642 |
||